000 00424nam a22001577a 4500
003 OSt
020 _a9780198069010
040 _c0
_d0
082 _222
_a685.15
100 _aNewan, Donald G ; Eschenbach, Ted G and Lavelle, Jerom e p /
245 _aEngineering economic analysis /
250 _a13th ed.
260 _aNew Delhi,
_boxford university,
_cc2013.
300 _axxi, 567 p. ;
_bill. ;
_c24 cm.
942 _2ddc
_cMAG
999 _c5050
_d5050